000 00307 a2200157 4500
001 175036
020 _a
040 _cMagnum
100 _aFrança, Mary
240 1 0 _aA volta ao mundo
_lpor
245 1 0 _aA volta ao mundo
362 0 _a1899
440 1 _aÁtica
697 _aI/ANIMAIS
942 _cBK
999 _c175036
_d175036